| 000 | 007690000a22002530004500 | ||
|---|---|---|---|
| 001 | 48686 | ||
| 010 | _a84-96180-22-0 | ||
| 021 |
_aPT _bB.34206-2003 |
||
| 100 | _a20111125d2011 e y0pory5003 ba | ||
| 101 | 0 | _apor | |
| 102 | _aPT | ||
| 200 | 1 |
_aPlatero e Eu _fJuan Ramón Jiménez _gtrad. José Bento |
|
| 210 |
_a[Lisboa] _cBibliotex _d2003 |
||
| 215 |
_a93, [2] p. _d22 cm |
||
| 300 | _aPrémio Nobel 1956 | ||
| 304 | _aTítulo original: Platero y yo | ||
| 606 |
_aLiteratura _xConto |
||
| 675 |
_a821.134.2-34 _vBN _zpor |
||
| 700 | 1 |
_aJiménez _bJuan Ramón _f1881-1958 |
|
| 702 | 1 |
_99654 _4730 _aBento _bJosé |
|
| 801 |
_aPT _bBN _c20111125 |
||
| 090 | _a48686 | ||
| 942 |
_cMON _n0 |
||
| 999 | _a48686 | ||